| 000 -LEADER |
| fixed length control field |
01613cam a2200397 a 4500 |
| 001 - CONTROL NUMBER |
| control field |
10089902 |
| 003 - CONTROL NUMBER IDENTIFIER |
| control field |
USPCAS-E |
| 005 - DATE AND TIME OF LATEST TRANSACTION |
| control field |
20180118181418.0 |
| 006 - FIXED-LENGTH DATA ELEMENTS--ADDITIONAL MATERIAL CHARACTERISTICS |
| fixed length control field |
m d |
| 007 - PHYSICAL DESCRIPTION FIXED FIELD--GENERAL INFORMATION |
| fixed length control field |
cr n |
| 008 - FIXED-LENGTH DATA ELEMENTS--GENERAL INFORMATION |
| fixed length control field |
110726s2012 gw a sb 001 0 eng d |
| 020 ## - INTERNATIONAL STANDARD BOOK NUMBER |
| Canceled/invalid ISBN |
9783527327881 |
| 020 ## - INTERNATIONAL STANDARD BOOK NUMBER |
| International Standard Book Number |
9783527639601 (ebook) |
| 035 ## - SYSTEM CONTROL NUMBER |
| System control number |
(WaSeSS)ssj0000622285 |
| 040 ## - CATALOGING SOURCE |
| Original cataloging agency |
CaPaEBR |
| Transcribing agency |
CaPaEBR |
| Modifying agency |
WaSeSS |
| 050 #4 - LIBRARY OF CONGRESS CALL NUMBER |
| Classification number |
QD575.P67 |
| Item number |
H54 2012eb |
| 050 #4 - LIBRARY OF CONGRESS CALL NUMBER |
| Classification number |
TA418.9P6 |
| 082 ## - DEWEY DECIMAL CLASSIFICATION NUMBER |
| Classification number |
620.116 |
| Author Mark |
HIE 2012 |
| 210 10 - ABBREVIATED TITLE |
| Abbreviated title |
Hierarchically structured porous materials |
| 245 00 - TITLE STATEMENT |
| Title |
Hierarchically structured porous materials |
| Medium |
[electronic resource] : |
| Remainder of title |
from nanoscience to catalysis, separation, optics, energy, and life science / |
| Statement of responsibility, etc. |
edited by Bao-Lian Su, Clément Sanchez, and Xiao-Yu Yang. |
| 260 ## - PUBLICATION, DISTRIBUTION, ETC. |
| Place of publication, distribution, etc. |
Weinheim, Germany : |
| Name of publisher, distributor, etc. |
Wiley-VCH, |
| Date of publication, distribution, etc. |
2012. |
| 502 ## - DISSERTATION NOTE |
| Dissertation note |
. |
| 504 ## - BIBLIOGRAPHY, ETC. NOTE |
| Bibliography, etc. note |
Includes bibliographical references and index. |
| 505 0# - FORMATTED CONTENTS NOTE |
| Formatted contents note |
pt. 1. Introduction -- pt. 2. Synthesis strategies to hierarchically structured porous materials -- pt. 3. Emerging applications of hierarchically structured porous materials -- pt. 4. Conclusion. |
| 506 ## - RESTRICTIONS ON ACCESS NOTE |
| Terms governing access |
License restrictions may limit access. |
| 650 #0 - SUBJECT ADDED ENTRY--TOPICAL TERM |
| Topical term or geographic name entry element |
Porous materials. |
| 655 #7 - INDEX TERM--GENRE/FORM |
| Genre/form data or focus term |
Electronic books. |
| Source of term |
local |
| 700 1# - ADDED ENTRY--PERSONAL NAME |
| Personal name |
Su, Bao-Lian. |
| 700 1# - ADDED ENTRY--PERSONAL NAME |
| Personal name |
Sanchez, Clément. |
| 700 1# - ADDED ENTRY--PERSONAL NAME |
| Personal name |
Yang, Xiao-Yu. |
| 710 2# - ADDED ENTRY--CORPORATE NAME |
| Corporate name or jurisdiction name as entry element |
ebrary, Inc. |
| 773 #0 - HOST ITEM ENTRY |
| Title |
Wiley-Blackwell Online Books |
| 856 40 - ELECTRONIC LOCATION AND ACCESS |
| Uniform Resource Identifier |
<a href="http://www.columbia.edu/cgi-bin/cul/resolve?clio10089902">http://www.columbia.edu/cgi-bin/cul/resolve?clio10089902</a> |
| Public note |
Full text available from Wiley-Blackwell Online Books |
| 910 ## - USER-OPTION DATA (OCLC) |
| User-option data |
Vendor-generated brief record |
| 942 ## - ADDED ENTRY ELEMENTS (KOHA) |
| Source of classification or shelving scheme |
|
| Koha item type |
Book |